| 000 | 01687cad a22002775a 4500 | ||
|---|---|---|---|
| 001 | L146578 | ||
| 008 | 090204e20090130xxkd f s f000 0 eng d | ||
| 020 | _a9781409810902 | ||
| 035 | _a(Sirsi) u146578 | ||
| 041 | 0 | _aeng | |
| 050 | 0 | 4 | _a711.52 $2 18 |
| 100 | 1 | _aParkinson, Michael | |
| 245 | 0 | 4 |
_aThe credit crunch and regeneration _bimpact and implications _h[electronic resource] |
| 260 |
_aWetherby _bDCLG _c2009 |
||
| 505 | 2 | _aWhat is the credit crunch and what has this report done on it? -- What has been the impact on commercial property? -- What has been the impact on housing markets? -- What has been the impact on partners and projects? -- What has been the impact on regeneration agencies? -- What has been the impact upon places? -- What might happen next? -- What are the policy implications? | |
| 520 | _aIndependent report for government is aimed at a wide range of individuals working in regeneration, including practitioners, regional development agencies and economic development companies. It aims to assess the effects of the credit crunch on regeneration in England over the last year and seeks to explore both how the credit crunch has impacted upon this important sector and also what might happen next and the policy implications of predicted changes. | ||
| 521 | _aAdvanced | ||
| 590 | _aKA NTK | ||
| 651 | 4 |
_aEngland and Wales _y1543- |
|
| 690 | _aPROPERTY-PROPERTY MANAGEMENT-REGENERATION | ||
| 700 | 1 | _aBall, Michael | |
| 700 | 1 | _aBlake, Neil | |
| 700 | 1 | _aKey, Tony | |
| 856 | 4 | 0 |
_uhttps://www.communities.gov.uk/publications/citiesandregions/creditcrunchregeneration _zView the item free of charge at www.communities.gov.uk... |
| 942 | _n0 | ||
| 999 |
_c109225 _d109225 |
||